Dünyada çok taraflı denge ve Türkiye için yakın gelecek (Record no. 6147)

MARC details
000 -BAŞLIK
Sabit Uzunlukta Kontrol Alanı 00789na a2200253 4500
001 - KONTROL NUMARASI
Denetim Alanı 20451
003 - KONTROL NUMARASI IDENTIFIER
Denetim Alanı MIRAKIL
005 - SON İŞLEM TARİHİ VE ZAMANI
Denetim Alanı 20181213155057.0
008 - SABİT-BOY VERİ ELEMANLARI - GENEL BİLGİLER
Sabit Uzunlukta Kontrol Alanı 170120b tu 000 0
020 ## - ULUSLARARASI STANDART KİTAP NUMARASI
Uluslararası Standart Kitap Numarası 9755126422
040 ## - KATALOGLAMA KAYNAK
Orijinal Kataloglama Ajansı Milas
Kataloglama Dili tur
Metne Dönüştürmek Ajansı TR-AnCHP
041 ## - DİL KODU
Metin / Ses Parça Veya Ayrı Başlığın Dil Kodu tur
082 ## - DEWEY ONLU SINIFLANDIRMA NUMARASI
Sınıflandırma Numarası 337.1
Ürün Numarası G96d 2002
090 ## - SINIFLAMA NUMARASI
Sınıflama Numarası 337.1 G96d 2002
100 ## - ANA GİRİŞ - KİŞİSEL İSİM
Kişisel Ad Gürlesel, Can Fuat
245 ## - BAŞLIK TABLOSU
Başlık Dünyada çok taraflı denge ve Türkiye için yakın gelecek
Sorumluluk Tablosu, Vb hazırlayanlar Can Fuat Gürlesel, M. Faruk Demir
260 ## - YAYIN, DAĞITIM, VB
Yayın, Dağıtım, Vb Yeri İstanbul
Yayıncı, Dağıtıcı, Vs Adı İTO Yayınları
Yayın, Dağıtım, Vb Tarihi 2002
Üretici Firma Mega ajans
300 ## - FİZİKSEL TANIM
Kapsam 209 s.
Diğer Fiziksel Ayrıntıları tbl.
Boyutlar 23 sm.
490 ## - SERİSİ TABLOSU
Seri Beyanı İstanbul Ticaret Odası
Hacim / Ardışık Tanımı 2002-20
650 ## - KONU KATMA GİRİŞ - TOPİKAL DÖNEM
Topikal Süreli Veya Coğrafi Ad Giriş Elemanı Türkiye
Genel Alt Bölümü Uluslararası ekonomi
700 ## - KATMA GİRİŞ - KİŞİSEL İSİM
Kişisel Ad Demir, M. Faruk
710 ## - KATMA GİRİŞ - KURUMSAL ADI
Giriş Elemanı Olarak Kurumsal Ad Veya Yargı Alanı Adı İstanbul Ticaret Odası (İTO)
942 ## - EKLENDİ GİRİŞ ELEMANLARI (KOHA)
Sınıflandırma Veya Raf Düzeni Kaynak Dewey Decimal Classification
Koha Öğesi Türü Books
999 ## - SİSTEM KONTROL NUMARALARI (KOHA)
Koha Biblionumber 6147
Koha Biblioitemnumber 6147
Holdings
Kalıcı Konum Mevcut Konum Edinme Tarihi Edinim Kaynak Toplam Check-Out'Lar Tam Çağrı Numarası Barkod Tarih Son Görülme İtibaren Geçerli Fiyatlar Koha Öğesi Türü
CHP Kütüphanesi CHP Kütüphanesi 01/20/2017 Bağış   337.1 G96d 2002 012039 01/20/2017 01/20/2017 Books